Victòria dels Àngels / (Record no. 175933)

MARC details
000 -LEADER
campo de control de longitud fija 00718nam a22002175i 4500
001 - NÚMERO DE CONTROL
campo de control 175933
003 - IDENTIFICADOR DE NÚMERO DE CONTROL
campo de control ES-MaACL
005 - FECHA Y HORA DE LA ÚLTIMA TRANSACCIÓN
campo de control 20250516180710.0
008 - DATOS DE LONGITUD FIJA--INFORMACIÓN GENERAL
campo de control de longitud fija 101201s1963 sp o |||| | cat d
080 ## - NÚMERO DE LA CLASIFICACIÓN DECIMAL UNIVERSAL
Número de la Clasificación Decimal Universal 929 Victoria de los Ángeles
100 1# - ENTRADA PRINCIPAL--NOMBRE DE PERSONA
Nombre de persona Llopis, Arturo.
9 (RLIN) 72824
245 10 - MENCIÓN DEL TÍTULO
Título Victòria dels Àngels /
Mención de responsabilidad, etc. Artur Llopis.
260 ## - PUBLICACIÓN, DISTRIBUCIÓN, ETC.
Lugar de publicación, distribución, etc. [Barcelona] :
Nombre del editor, distribuidor, etc. Alcides,
Fecha de publicación, distribución, etc. D. L. 1963.
300 ## - DESCRIPCIÓN FÍSICA
Extensión 76, [2] p. :
Otras características físicas fot. bl. y n. ;
Dimensiones 18 cm.
490 1# - MENCIÓN DE SERIE
Mención de serie Biografies populars ;
Designación de volumen o secuencia 5
546 ## - NOTA DE IDIOMA
Nota de lengua/lenguaje Texto en catalán.
600 07 - PUNTO DE ACCESO ADICIONAL DE MATERIA--NOMBRE DE PERSONA
Nombre de persona Victoria de los Ángeles,
Fechas asociadas al nombre 1923-2005-
Subdivisión de forma Biografías
Fuente del encabezamiento o término
9 (RLIN) 144142
830 0# - PUNTO DE ACCESO ADICIONAL DE SERIE-TÍTULO UNIFORME
Título uniforme Biografies populars ;
Designación de volumen o secuencia 5
9 (RLIN) 189851
852 ## - LOCALIZACIÓN
Ubicación ES-MaACL
Encuadernación Olim P-81-bis
Holdings
Estatus retirado Estado de pérdida Estado de daño No para préstamo Colección Biblioteca de origen Biblioteca actual Ubicación en estantería Fecha de adquisición Fuente de adquisición Total de préstamos Signatura topográfica completa Código de barras Visto por última vez Precio de reemplazo Tipo de ítem Koha
        Colección de folletos Biblioteca del Ateneo de Madrid Biblioteca del Ateneo de Madrid Depósito folletos 01/12/2010     2267-F-4 1184751 23/02/2023 23/02/2023 Folleto